Manažerské metody ve veřejném sektoru teorie, praxe a metodika uplatnění
Uložené v:
| Hlavný autor: | |
|---|---|
| Médium: | Kniha |
| Jazyk: | Czech |
| Vydavateľské údaje: |
Praha
Ekopress
2007
|
| Vydanie: | 2. uprav. a rozšíř. vyd. |
| Predmet: | |
| Tagy: |
Žiadne tagy, Buďte prvý, kto otaguje tento záznam!
|
MARC
| LEADER | 00000nam$a2200000$$$4500 | ||
|---|---|---|---|
| 001 | 0104567 | ||
| 005 | 20240313090031.5 | ||
| 020 | |a 80-86929-23-X | ||
| 041 | 0 | |a cze | |
| 044 | |a CZ | ||
| 245 | 1 | 0 | |a Manažerské metody ve veřejném sektoru |b teorie, praxe a metodika uplatnění |c František Ochrana |
| 250 | |a 2. uprav. a rozšíř. vyd. | ||
| 264 | 1 | |a Praha |b Ekopress |c 2007 | |
| 300 | |a 178 s. | ||
| 610 | 2 | 0 | |a sektor verejný |
| 610 | 2 | 0 | |a metódy riadenia |
| 610 | 2 | 0 | |a programovanie lineárne |
| 610 | 2 | 0 | |a teória a prax |
| 610 | 2 | 0 | |a rozhodovanie |
| 610 | 2 | 0 | |a riadenie |
| 610 | 2 | 0 | |a kontrola |
| 610 | 2 | 0 | |a analýzy |
| 610 | 2 | 0 | |a štúdie prípadové |
| 610 | 2 | 0 | |a koncepcie |
| 610 | 2 | 0 | |a modelovanie |
| 610 | 2 | 0 | |a ciele riadenia |
| 610 | 2 | 0 | |a Česko |
| 100 | 1 | |a Ochrana, František | |